000 00538nam a2200181Ia 4500
008 100917s9999 xx 000 0 und d
082 _b38350
100 _aदांडेकर मालती
245 _aअलका तू असं लिही
260 _bवरदा बुक्स
_c1979
300 _a208
365 _b20
520 _aनिबंध
630 _aअलका तू असं लिही
650 _aनिबंध
730 _aअलका तू असं लिही
942 _cBOOK
999 _c643744
_d643741